| 000 | 01136 a2200241 4500 | ||
|---|---|---|---|
| 005 | 20260402113336.0 | ||
| 008 | 260402b |||||||| |||| 00| 0 eng d | ||
| 020 | _a8173091722 (pbk) | ||
| 037 | _cTB | ||
| 040 |
_aCRL _cCRL |
||
| 041 |
_2hin _ahin |
||
| 084 |
_aY:1.2 152Q8 _qCRL |
||
| 100 |
_aगुरुजी, साने _9862637 |
||
| 245 |
_aभारतीय संस्कृति: _bप्राचीन स्वरूप की नवीन एवं लोकोपयोगी व्याख्या |
||
| 260 |
_aनई दिल्ली, भारत: _bसस्ता साहित्य मण्डल प्रकाशन, _c2018. |
||
| 300 | _a296पृ. | ||
| 365 |
_b130.00 _cINR |
||
| 650 | _aसमाजशास्त्र | ||
| 650 | _aभारतीय संस्कृति | ||
| 700 |
_aजोशी, बाबूराव _bअनुवादक _91234058 |
||
| 942 |
_cTB _2CC _hY:1.2 152Q8 |
||
| 999 |
_c1467136 _d1467136 |
||